000 00384nam a2200145Ia 4500
008 230711s9999||||xx |||||||||||||| ||und||
041 _aENG
082 _a621
_bPA-A
100 _aPartab,H
245 0 _aArt and science of utilization of electrical energy
250 _a3rd
260 _c1990
_aNew Delhi
_bDhanpat Rai & Co.(Pvt.)Ltd.
650 _aElectrical Engineering
942 _cBK
999 _c2156
_d2156